000 00427nam a2200133 4500
005 20260327114647.0
008 260327b |||||||| |||| 00| 0 eng d
020 _a978-978-940-715-6
100 _aMshelia Elijah Dika
245 _aTheoretical Mechanics II: Lagrangian and Hamiltonian Dynamics
_c/Elijah Dika Mshelia
260 _aIbadan, Nigeria;
_bUniversity Press PLC;
_c2023
300 _ax,346p.ill;
_c22cm
942 _2lcc
_n0
_cBK
999 _c206
_d206